000
00330nam a22001457a 4500
999
_c
256711
_d
256710
003
OSt
005
20180220104432.0
008
180220b xxu||||| |||| 00| 0 eng d
020
_a
0-345-37708-7
040
_c
N/a
100
_a
John Hassler
245
_a
Dear James
260
_a
USA
_b
Ballantine books
_c
1993
942
_2
lcc
_c
BK